| 000 | 00525nam a2200217Ia 4500 | ||
|---|---|---|---|
| 003 | OSt | ||
| 005 | 20250708114910.0 | ||
| 008 | 210210b1975 xxu||||| |||| 00| 0 eng d | ||
| 040 | _cAL | ||
| 041 | _aeng | ||
| 082 | _a591.028 AHMP | ||
| 100 |
_aIqbal Ahmad _9211344 |
||
| 245 | _aPractical zoology Ed 3 | ||
| 250 | _a3 | ||
| 260 |
_aN Delhi _bS. Chand & Co. Ltd. _c1975 |
||
| 300 | _aviii,184p. | ||
| 650 |
_aZoology Practical _9211345 |
||
| 690 |
_aZoology Practical _9211345 |
||
| 906 | _aSG01002 | ||
| 942 |
_2ddc _cSG |
||
| 999 |
_c112214 _d112214 |
||